Dossier 11/12/13 (Record no. 1058)

MARC details
000 -LEADER
fixed length control field 003590000a22001210004500
008 - FIXED-LENGTH DATA ELEMENTS--GENERAL INFORMATION
fixed length control field 230817t1991 ||||| |||| 00| 0 eng d
022 ## - INTERNATIONAL STANDARD SERIAL NUMBER
ISSN 10181342
942 ## - ADDED ENTRY ELEMENTS (KOHA)
Item Type Periodicals
245 ## - TITLE STATEMENT
Title Dossier 11/12/13
260 ## - PUBLICATION, DISTRIBUTION, ETC. (IMPRINT)
Place of Publication Grables:
Name of Publisher International Solidarity Network,
Date of Copyright 1991
650 ## - SUBJECT ADDED ENTRY--TOPICAL TERM
Topical Term MUSLIM WOMEN-Social conditions--Periodicals
650 ## - SUBJECT ADDED ENTRY--TOPICAL TERM
Topical Term Women (Islamic law)--Periodicals
Holdings
Withdrawn status Lost status Damaged status Not for loan Permanent location Current location Date acquired Total Checkouts Full call number Barcode Date last seen Price effective from Koha item type
        Resource center, Muslim Women's Research And Action Forum Resource center, Muslim Women's Research And Action Forum 2023-08-17   305.42 WOM RAF2989 2023-08-17 2023-08-17 Periodicals
        Resource center, Muslim Women's Research And Action Forum Resource center, Muslim Women's Research And Action Forum 2024-01-29   305.42 WOM RAF4924 2024-01-29 2024-01-29 Periodicals

Copyright © 2023 Muslim Women's Research and Action Forum (MWRAF), No 27/3, Anderson Road, Kalubowila, Dehiwela. Funded by The Asia Fundation